| 000 | 00509nam a22001937a 4500 | ||
|---|---|---|---|
| 003 | CEME | ||
| 005 | 20210628202308.0 | ||
| 008 | 210128b xxu||||| |||| 00| 0 eng d | ||
| 020 | _a0-13-025538-6 | ||
| 040 | _c. | ||
| 082 | _a621.38152 STR | ||
| 100 |
_aSteetman, Ben G ;Banerjee, Sanjay _959192 |
||
| 245 | _aSolid state electronic devices | ||
| 250 | _a5TH | ||
| 260 |
_aNEW YORK _bPRENTICE HALL _c2000 |
||
| 300 | _aXV,558P | ||
| 650 |
_aSEMICONDUCTORS.ELECTRONIC DEVICES _959193 |
||
| 942 |
_cBK _2ddc |
||
| 999 |
_c569228 _d569228 |
||